[Event "DEM U12w 2018"]
[Site "Willingen GER"]
[Date "2018.05.21"]
[Round "3"]
[White "Becker, Linda"]
[Black "Hentschel, Lena"]
[Result "0-1"]
[Termination "normal"]
[Board "7"]
[WhiteElo "1464"]
[BlackElo "1466"]
[WhiteClock "00:07:16"]
[BlackClock "00:08:34"]
[PlyCount "70"]
[WhiteFideId "16244753"]
[BlackFideId "16240324"]
[EventCountry "GER"]
[EventRounds "11"]
[EventType "swiss"]
[EventDate "2018.05.19"]

1. e4 {[%clk 1:15:57]} 1... e5 {[%clk 1:15:53]} 2. Nf3 {[%clk 1:16:22]} 2...
Nc6 {[%clk 1:16:12]} 3. d4 {[%clk 1:16:44]} 3... exd4 {[%clk 1:16:23]} 4. Nxd4
{[%clk 1:17:06]} 4... Bc5 {[%clk 1:16:26]} 5. Be3 {[%clk 1:17:22]} 5... Qf6 {
[%clk 1:16:05]} 6. c3 {[%clk 1:17:07]} 6... Nge7 {[%clk 1:15:27]} 7. Bc4 {
[%clk 1:16:37]} 7... Ne5 {[%clk 1:13:43]} 8. Bb3 {[%clk 1:14:29]} 8... Qg6 {
[%clk 1:12:18]} 9. O-O {[%clk 1:06:51]} 9... d6 {[%clk 1:10:40]} 10. Nd2 {
[%clk 1:03:30]} 10... Bh3 {[%clk 1:09:06]} 11. Ba4+ {[%clk 0:58:27]} 11... c6 {
[%clk 1:04:06]} 12. g3 {[%clk 0:57:27]} 12... Bxf1 {[%clk 1:03:27]} 13. Qxf1 {
[%clk 0:56:45]} 13... Ng4 {[%clk 1:01:31]} 14. Bf4 {[%clk 0:55:21]} 14... O-O {
[%clk 0:56:43]} 15. Qh3 {[%clk 0:52:48]} 15... f5 {[%clk 0:54:05]} 16. Bc2 {
[%clk 0:50:15]} 16... Bxd4 {[%clk 0:45:36]} 17. cxd4 {[%clk 0:49:57]} 17...
fxe4 {[%clk 0:41:46]} 18. Bxe4 {[%clk 0:48:39]} 18... Nf5 {[%clk 0:35:12]} 19.
f3 {[%clk 0:40:53]} 19... Ngh6 {[%clk 0:24:31]} 20. g4 {[%clk 0:38:17]} 20...
Rae8 {[%clk 0:18:06]} 21. Bd3 {[%clk 0:31:00]} 21... Qf6 {[%clk 0:16:59]} 22.
Kh1 {[%clk 0:21:07]} 22... Qxd4 {[%clk 0:14:26]} 23. Ne4 {[%clk 0:18:55]} 23...
Qxd3 {[%clk 0:12:50]} 24. gxf5 {[%clk 0:18:52]} 24... Nxf5 {[%clk 0:11:57]} 25.
Rg1 {[%clk 0:17:19]} 25... Rxe4 {[%clk 0:11:13]} 26. Qg4 {[%clk 0:12:27]} 26...
Re7 {[%clk 0:10:22]} 27. Bg5 {[%clk 0:11:26]} 27... Ref7 {[%clk 0:09:59]} 28.
Re1 {[%clk 0:09:59]} 28... g6 {[%clk 0:09:41]} 29. Qg2 {[%clk 0:08:46]} 29...
Qd5 {[%clk 0:09:08]} 30. b3 {[%clk 0:08:18]} 30... Qd3 {[%clk 0:07:59]} 31. Bd2
{[%clk 0:06:55]} 31... Re7 {[%clk 0:07:23]} 32. Rxe7 {[%clk 0:06:43]} 32...
Nxe7 {[%clk 0:07:42]} 33. f4 {[%clk 0:06:28]} 33... Qb1+ {[%clk 0:07:52]} 34.
Qg1 {[%clk 0:06:52]} 34... Qxg1+ {[%clk 0:08:14]} 35. Kxg1 {[%clk 0:07:16]}
35... Nd5 {[%clk 0:08:34]} 0-1

[Event "DEM U12w 2018"]
[Site "Willingen GER"]
[Date "2018.05.21"]
[Round "3"]
[White "Adelmeyer, Nelly"]
[Black "Werner, Rosalie"]
[Result "1/2-1/2"]
[Termination "normal"]
[Board "8"]
[WhiteElo "1416"]
[BlackElo "1575"]
[WhiteClock "00:51:09"]
[BlackClock "00:20:50"]
[PlyCount "57"]
[WhiteFideId "16203577"]
[BlackFideId "16223748"]
[EventCountry "GER"]
[EventRounds "11"]
[EventType "swiss"]
[EventDate "2018.05.19"]

1. e4 {[%clk 1:15:58]} 1... d5 {[%clk 1:15:50]} 2. exd5 {[%clk 1:16:23]} 2...
Qxd5 {[%clk 1:16:17]} 3. Nc3 {[%clk 1:16:47]} 3... Qd6 {[%clk 1:16:42]} 4. d4 {
[%clk 1:17:10]} 4... c6 {[%clk 1:17:07]} 5. Nf3 {[%clk 1:17:35]} 5... Bg4 {
[%clk 1:17:32]} 6. Be2 {[%clk 1:18:00]} 6... Nf6 {[%clk 1:16:37]} 7. O-O {
[%clk 1:18:20]} 7... e6 {[%clk 1:16:13]} 8. Bg5 {[%clk 1:18:17]} 8... Nbd7 {
[%clk 1:14:54]} 9. Qd2 {[%clk 1:17:38]} 9... Qc7 {[%clk 1:11:50]} 10. Bf4 {
[%clk 1:13:18]} 10... Qd8 {[%clk 1:07:30]} 11. Ne5 {[%clk 1:10:20]} 11... Nxe5
{[%clk 0:55:47]} 12. Bxe5 {[%clk 1:09:42]} 12... Bxe2 {[%clk 0:53:50]} 13. Nxe2
{[%clk 1:09:27]} 13... h6 {[%clk 0:49:51]} 14. Qf4 {[%clk 1:08:37]} 14... Nd5 {
[%clk 0:38:53]} 15. Qg3 {[%clk 1:06:21]} 15... Qg5 {[%clk 0:36:09]} 16. c4 {
[%clk 1:04:01]} 16... Qxg3 {[%clk 0:33:35]} 17. Nxg3 {[%clk 1:04:21]} 17... Nb6
{[%clk 0:33:28]} 18. b3 {[%clk 1:02:56]} 18... f6 {[%clk 0:32:07]} 19. Bf4 {
[%clk 1:03:01]} 19... Be7 {[%clk 0:31:16]} 20. Rfe1 {[%clk 1:03:01]} 20... Kf7
{[%clk 0:30:33]} 21. Re2 {[%clk 1:00:24]} 21... Rhe8 {[%clk 0:29:59]} 22. Rae1
{[%clk 0:59:27]} 22... Bb4 {[%clk 0:30:04]} 23. Bd2 {[%clk 0:59:22]} 23... Bxd2
{[%clk 0:28:55]} 24. Rxd2 {[%clk 0:59:28]} 24... Rad8 {[%clk 0:29:09]} 25. Red1
{[%clk 0:58:05]} 25... Rd7 {[%clk 0:26:19]} 26. Ne4 {[%clk 0:57:35]} 26... Red8
{[%clk 0:22:42]} 27. Nc5 {[%clk 0:57:30]} 27... Re7 {[%clk 0:22:38]} 28. a4 {
[%clk 0:56:18]} 28... a5 {[%clk 0:20:50]} 29. Ne4 {[%clk 0:51:09]} 1/2-1/2

[Event "DEM U12w 2018"]
[Site "Willingen GER"]
[Date "2018.05.21"]
[Round "3"]
[White "Schneider, Anna"]
[Black "Petersen, Sophie"]
[Result "1-0"]
[Termination "normal"]
[Board "9"]
[WhiteElo "1432"]
[BlackElo "1431"]
[WhiteClock "00:53:32"]
[BlackClock "00:58:07"]
[PlyCount "79"]
[WhiteFideId "16200527"]
[BlackFideId "16229380"]
[EventCountry "GER"]
[EventRounds "11"]
[EventType "swiss"]
[EventDate "2018.05.19"]

1. e4 {[%clk 1:15:57]} 1... c5 {[%clk 1:15:51]} 2. Nf3 {[%clk 1:16:22]} 2...
Nc6 {[%clk 1:16:11]} 3. d4 {[%clk 1:16:46]} 3... cxd4 {[%clk 1:16:30]} 4. Nxd4
{[%clk 1:17:10]} 4... g6 {[%clk 1:16:35]} 5. Nc3 {[%clk 1:17:20]} 5... Bg7 {
[%clk 1:16:52]} 6. Be3 {[%clk 1:17:40]} 6... Nf6 {[%clk 1:16:33]} 7. f3 { [%clk
1:17:58]} 7... O-O {[%clk 1:16:17]} 8. Qd2 {[%clk 1:18:13]} 8... d5 { [%clk
1:16:19]} 9. O-O-O {[%clk 1:16:32]} 9... dxe4 {[%clk 1:13:51]} 10. fxe4 { [%clk
1:16:16]} 10... Ng4 {[%clk 1:08:31]} 11. Nxc6 {[%clk 1:13:34]} 11... Qxd2+
{[%clk 1:08:43]} 12. Bxd2 {[%clk 1:11:24]} 12... bxc6 {[%clk 1:08:41]} 13. Re1
{[%clk 1:10:34]} 13... Be6 {[%clk 1:07:17]} 14. Be2 {[%clk 1:07:30]} 14... h6
{[%clk 1:05:59]} 15. h3 {[%clk 1:06:25]} 15... Ne5 {[%clk 1:04:47]} 16. g4
{[%clk 1:05:15]} 16... g5 {[%clk 1:02:56]} 17. h4 {[%clk 0:59:33]} 17... Bxg4
{[%clk 1:00:03]} 18. Bxg4 {[%clk 0:59:31]} 18... Nxg4 {[%clk 1:00:14]} 19. hxg5
{[%clk 0:59:51]} 19... hxg5 {[%clk 1:00:01]} 20. Bxg5 {[%clk 0:59:30]} 20... f6
{[%clk 0:59:23]} 21. Bd2 {[%clk 0:59:33]} 21... Ne5 {[%clk 0:58:22]} 22. Bh6
{[%clk 0:57:28]} 22... Nf7 {[%clk 0:57:58]} 23. Bxg7 {[%clk 0:57:35]} 23...
Kxg7 {[%clk 0:58:14]} 24. Reg1+ {[%clk 0:57:49]} 24... Ng5 { [%clk 0:58:21]}
25. e5 {[%clk 0:57:49]} 25... Rh8 {[%clk 0:57:38]} 26. exf6+ { [%clk 0:57:36]}
26... exf6 {[%clk 0:57:57]} 27. Rxh8 {[%clk 0:57:16]} 27... Rxh8 {[%clk
0:58:15]} 28. Ne4 {[%clk 0:56:03]} 28... Kg6 {[%clk 0:57:09]} 29. Kd2 {[%clk
0:55:04]} 29... Re8 {[%clk 0:56:36]} 30. Nxg5 {[%clk 0:53:38]} 30... fxg5
{[%clk 0:56:51]} 31. Re1 {[%clk 0:53:23]} 31... Rxe1 {[%clk 0:56:38]} 32. Kxe1
{[%clk 0:53:50]} 32... Kh5 {[%clk 0:56:51]} 33. b4 {[%clk 0:54:11]} 33... a6
{[%clk 0:57:14]} 34. Kf2 {[%clk 0:54:14]} 34... Kh4 {[%clk 0:57:33]} 35. a4
{[%clk 0:54:03]} 35... Kh3 {[%clk 0:57:54]} 36. Kg1 {[%clk 0:54:28]} 36... Kg4
{[%clk 0:57:54]} 37. c4 {[%clk 0:53:32]} 37... Kf5 {[%clk 0:58:07]} 38. b5 cxb5
39. cxb5 axb5 40. a5 1-0

[Event "DEM U12w 2018"]
[Site "Willingen GER"]
[Date "2018.05.21"]
[Round "3"]
[White "Zöllner, Bente"]
[Black "Buchholz, Maja"]
[Result "0-1"]
[Termination "normal"]
[Board "10"]
[WhiteElo "1314"]
[BlackElo "1320"]
[PlyCount "144"]
[WhiteFideId "16230523"]
[BlackFideId "16200500"]
[EventCountry "GER"]
[EventRounds "11"]
[EventType "swiss"]
[EventDate "2018.05.19"]

1. d4 Nf6 2. c4 g6 3. Nc3 Bg7 4. e4 d6 5. Bg5 O-O 6. Bd3 e5 7. d5 a5 8. Rb1 Na6
9. a3 Nc5 10. Bc2 Qe8 11. b4 axb4 12. axb4 Ncd7 13. Nb5 Qd8 14. Nf3 Nb6 15. c5
dxc5 16. bxc5 Nc4 17. Bd3 Na5 18. Nxe5 Qe8 19. f4 Qe7 20. d6 cxd6 21. cxd6 Qd8
22. Nf3 Qd7 23. Ne5 Qd8 24. Nc4 Bg4 25. Bxf6 Bxd1 26. Bxd8 Nxc4 27. Bxc4 Bc2
28. Rc1 Rfxd8 29. Rxc2 Ra1+ 30. Kf2 Rxh1 31. Bf1 Rxh2 32. e5 Bh6 33. Kf3 Rh1
34. Rc1 g5 35. g3 Rh2 36. Bg2 gxf4 37. gxf4 Bxf4 38. Re1 Bh6 39. e6 fxe6 40.
Rxe6 Bf8 41. Kg3 Rh5 42. Bf1 b6 43. Bc4 Kg7 44. Kf3 Rh1 45. Be2 h5 46. Kg2 Rb1
47. Kg3 Rb4 48. Kh3 Kf7 49. Re3 h4 50. Rf3+ Ke8 51. Rf6 Kd7 52. Rf7+ Kc6 53.
Rc7+ Kd5 54. d7 Bd6 55. Bf3+ Ke5 56. Rc8 Rxd7 57. Bg4 Rg7 58. Re8+ Kd5 59. Nc3+
Kc4 60. Ne4 Be7 61. Rc8+ Kd3 62. Nf2+ Kd4 63. Rc7 Rb3+ 64. Kh2 Bd6+ 65. Kg2
Rxg4+ 66. Nxg4 Bxc7 67. Nh6 h3+ 68. Kf2 h2 69. Nf5+ Kd3 70. Nh4 h1=Q 71. Nf3
Rb2+ 72. Nd2 Rxd2# 0-1

[Event "DEM U12w 2018"]
[Site "Willingen GER"]
[Date "2018.05.21"]
[Round "3"]
[White "Baltic, Sara"]
[Black "Schulz, Hannah"]
[Result "0-1"]
[Termination "normal"]
[Board "11"]
[WhiteElo "1432"]
[BlackElo "1651"]
[PlyCount "70"]
[WhiteFideId "16210409"]
[BlackFideId "16244745"]
[EventCountry "GER"]
[EventRounds "11"]
[EventType "swiss"]
[EventDate "2018.05.19"]

1. e4 c6 2. d4 d5 3. exd5 cxd5 4. Bd3 Nc6 5. c3 Nf6 6. h3 g6 7. Nf3 Bg7 8. O-O
O-O 9. Re1 Be6 10. Na3 a6 11. Nc2 Qc7 12. Qe2 Nh5 13. Ng5 Bc8 14. Bd2 Nf4 15.
Bxf4 Qxf4 16. Qe3 Qd6 17. Qf3 h6 18. Nxf7 Rxf7 19. Qe2 Bd7 20. c4 Nxd4 21. Nxd4
Bxd4 22. Rf1 Raf8 23. cxd5 Rxf2 24. Rxf2 Rxf2 25. Qxf2 Bxf2+ 26. Kxf2 Qxd5 27.
Bxg6 Qd2+ 28. Kg1 Bxh3 29. gxh3 Qg5+ 30. Kh2 Qxg6 31. Rg1 Kf7 32. Rf1+ Ke8 33.
Rc1 Qd6+ 34. Kh1 Qd5+ 35. Kh2 Qd2+ 0-1

[Event "DEM U12w 2018"]
[Site "Willingen GER"]
[Date "2018.05.21"]
[Round "3"]
[White "Fischer, Darja"]
[Black "Feige, Adelina"]
[Result "1/2-1/2"]
[Termination "normal"]
[Board "12"]
[WhiteElo "1292"]
[BlackElo "1166"]
[PlyCount "73"]
[WhiteFideId "16240898"]
[BlackFideId "16265955"]
[EventCountry "GER"]
[EventRounds "11"]
[EventType "swiss"]
[EventDate "2018.05.19"]

1. e4 e5 2. Nf3 Nc6 3. Nc3 Nf6 4. Bb5 Bb4 5. O-O O-O 6. d3 d6 7. Ne2 Bg4 8.
Bxc6 bxc6 9. Ng3 h6 10. h3 Bh5 11. Nxh5 Nxh5 12. Nxe5 dxe5 13. Qxh5 Qf6 14. Be3
a5 15. c3 Be7 16. d4 exd4 17. Bxd4 Qh4 18. Qxh4 Bxh4 19. b4 axb4 20. cxb4 Rfe8
21. f3 Be7 22. Bc5 Bf6 23. Rad1 Rxa2 24. Bd4 Bxd4+ 25. Rxd4 Ra4 26. Rc1 Re6 27.
Rdc4 Ra6 28. Kf2 Ra2+ 29. R1c2 Rxc2+ 30. Rxc2 Rd6 31. Ke3 f6 32. Rc4 Kf8 33.
Rd4 Ke7 34. Rxd6 cxd6 35. Kd4 Ke6 36. f4 f5 37. e5 1/2-1/2

[Event "DEM U12w 2018"]
[Site "Willingen GER"]
[Date "2018.05.21"]
[Round "3"]
[White "Kanno, Clara Yumi"]
[Black "Derling, Charlotte"]
[Result "0-1"]
[Termination "normal"]
[Board "13"]
[WhiteElo "1073"]
[BlackElo "1449"]
[PlyCount "120"]
[WhiteFideId "16259661"]
[BlackFideId "16222237"]
[EventCountry "GER"]
[EventRounds "11"]
[EventType "swiss"]
[EventDate "2018.05.19"]

1. e4 c5 2. Nf3 d6 3. Nc3 Nc6 4. h3 Nf6 5. Bc4 g6 6. d3 Bg7 7. Be3 Bd7 8. Qd2
a6 9. O-O-O b5 10. Bb3 b4 11. Ne2 a5 12. Ba4 Nb8 13. Bxd7+ Qxd7 14. Kb1 a4 15.
Nc1 Qb5 16. b3 Nfd7 17. d4 c4 18. Qe2 Nb6 19. Rd2 Qa6 20. Ne1 axb3 21. cxb3
cxb3 22. Qxa6 Rxa6 23. Nxb3 Nc4 24. Rc2 Na3+ 25. Kc1 Nxc2 26. Kxc2 Rxa2+ 27.
Kd3 Ra3 28. Kc4 Nc6 29. Nd3 Kd7 30. Nxb4 Nxb4 31. Kxb4 Ra7 32. Rc1 Rb8+ 33. Kc3
Rc7+ 34. Kb2 Rxc1 35. Bxc1 Bxd4+ 36. Ka3 Bxf2 37. Nd2 Be3 38. Ka2 Rb4 39. Ka1
Bxd2 40. Bxd2 Rxe4 41. g3 Rd4 42. Be3 Rd3 43. Bf2 Rf3 44. Be1 Rf1 45. h4 Rxe1+
46. Kb2 Re5 47. Kc3 Rd5 48. Kc4 Kc6 49. Kb4 Rc5 50. Ka4 Rb5 51. Ka3 Kc5 52. Ka4
d5 53. Ka3 Kc4 54. g4 d4 55. Ka2 Kc3 56. h5 gxh5 57. g5 d3 58. g6 hxg6 59. Ka1
Kc2 60. Ka2 Ra5# 0-1

[Event "DEM U12w 2018"]
[Site "Willingen GER"]
[Date "2018.05.21"]
[Round "3"]
[White "Sinner, Joselyne"]
[Black "Gossing, Marie-Sophie"]
[Result "0-1"]
[Termination "normal"]
[Board "14"]
[WhiteElo "1541"]
[BlackElo "1309"]
[PlyCount "140"]
[WhiteFideId "16210387"]
[BlackFideId "16217284"]
[EventCountry "GER"]
[EventRounds "11"]
[EventType "swiss"]
[EventDate "2018.05.19"]

1. e4 e5 2. Nf3 Nf6 3. Nc3 Nc6 4. Bb5 Bc5 5. Nxe5 Qe7 6. Nxc6 dxc6 7. Bd3 O-O
8. O-O Re8 9. h3 Bd7 10. b3 b5 11. a3 a5 12. Kh1 b4 13. axb4 axb4 14. Rxa8 Rxa8
15. Na4 Bd6 16. Qf3 Qe5 17. Qg3 Qxg3 18. fxg3 Bxg3 19. Bb2 Ne8 20. Nc5 Bc8 21.
e5 Ra5 22. Bd4 Bxe5 23. Bxe5 Rxc5 24. Re1 Be6 25. Bc4 Bxc4 26. Bd4 Nf6 27. Bxc5
Be6 28. Bxb4 h6 29. c4 Bf5 30. Ba5 Bc2 31. b4 Bd3 32. c5 Nd5 33. Re8+ Kh7 34.
Rc8 Ba6 35. Rf8 Bb5 36. Bxc7 Nxc7 37. Rxf7 Nd5 38. Rf1 Bxf1 39. Kg1 Bc4 40. Kf2
Kg6 41. Kf3 Kf5 42. g4+ Ke5 43. h4 Nxb4 44. g5 h5 45. Kg3 Na6 46. Kf3 Nxc5 47.
Ke3 Bd5 48. d4+ Kd6 49. dxc5+ Kxc5 50. Kd3 Kb5 51. Kc3 c5 52. Kc2 Kb4 53. Kb2
c4 54. Kc2 Be6 55. Kb2 Kc5 56. Kc3 Bf5 57. Kb2 Kd4 58. Kc1 Kc3 59. Kd1 Kb2 60.
Kd2 c3+ 61. Kd1 c2+ 62. Kd2 c1=Q+ 63. Ke2 Qc2+ 64. Ke1 Qe4+ 65. Kf2 Kc3 66. Kg3
Kd2 67. Kf2 Qe2+ 68. Kg1 Ke3 69. Kh1 Be4+ 70. Kg1 Qf2# 0-1

[Event "DEM U12w 2018"]
[Site "Willingen GER"]
[Date "2018.05.21"]
[Round "3"]
[White "Heckler, Florentine"]
[Black "Wimmer, Katharina"]
[Result "1/2-1/2"]
[Termination "normal"]
[Board "16"]
[WhiteElo "1284"]
[BlackElo "1169"]
[PlyCount "41"]
[WhiteFideId "16240316"]
[BlackFideId "16265947"]
[EventCountry "GER"]
[EventRounds "11"]
[EventType "swiss"]
[EventDate "2018.05.19"]

1. c4 e5 2. g3 Nc6 3. Bg2 g6 4. Nc3 Bg7 5. e3 d6 6. Nge2 Nge7 7. d4 exd4 8.
exd4 O-O 9. O-O Bf5 10. Bg5 h6 11. Be3 Qd7 12. Qd2 Kh7 13. f3 d5 14. cxd5 Nxd5
15. Nxd5 Qxd5 16. g4 Be6 17. f4 Qa5 18. Qxa5 Nxa5 19. h3 Nc4 20. Bf2 f5 21.
gxf5 1/2-1/2

[Event "DEM U12w 2018"]
[Site "Willingen GER"]
[Date "2018.05.21"]
[Round "3"]
[White "Nguyen, Jenny Ha-Linh"]
[Black "von Rosen, Anna"]
[Result "1/2-1/2"]
[Termination "normal"]
[Board "17"]
[WhiteElo "1360"]
[BlackElo "1395"]
[PlyCount "47"]
[WhiteFideId "16209729"]
[BlackFideId "12982997"]
[EventCountry "GER"]
[EventRounds "11"]
[EventType "swiss"]
[EventDate "2018.05.19"]

1. e4 e5 2. Nf3 Nc6 3. Bc4 Nf6 4. d3 Bc5 5. c3 d6 6. O-O O-O 7. Bb3 Bg4 8. Nbd2
Qd7 9. Re1 Rae8 10. Nf1 d5 11. exd5 Nxd5 12. Ng3 Nf4 13. Bxf4 exf4 14. Ne4 Bb6
15. d4 Re7 16. Qd3 Bxf3 17. Qxf3 Rfe8 18. Qxf4 Kf8 19. f3 f5 20. Rf1 Ne5 21.
Ng5 g6 22. Rad1 h6 23. Nh3 g5 24. Qd2 1/2-1/2

[Event "DEM U12w 2018"]
[Site "Willingen GER"]
[Date "2018.05.21"]
[Round "3"]
[White "Müller, Alina"]
[Black "Ulrich, Helena Irene"]
[Result "1/2-1/2"]
[Termination "normal"]
[Board "18"]
[WhiteElo "1208"]
[BlackElo "1282"]
[PlyCount "46"]
[WhiteFideId "16265939"]
[BlackFideId "16256000"]
[EventCountry "GER"]
[EventRounds "11"]
[EventType "swiss"]
[EventDate "2018.05.19"]

1. d4 Nf6 2. Nf3 g6 3. b4 a6 4. Nbd2 Bg7 5. Bb2 O-O 6. e3 d6 7. Rb1 Nc6 8. a3
Re8 9. Be2 e5 10. dxe5 dxe5 11. e4 b6 12. O-O b5 13. c4 Rb8 14. Rc1 Bd7 15. Re1
Re7 16. cxb5 axb5 17. Rc5 Qe8 18. Bxb5 Nxb4 19. Bxd7 Nxd7 20. Rc3 Na6 21. Rc2
Nac5 22. Qe2 Rb7 23. Bc3 Re6 1/2-1/2

[Event "DEM U12w 2018"]
[Site "Willingen GER"]
[Date "2018.05.21"]
[Round "3"]
[White "Alhassan, Jodi"]
[Black "Shapiro, Nina"]
[Result "0-1"]
[Termination "normal"]
[Board "20"]
[WhiteElo "1114"]
[BlackElo "1281"]
[PlyCount "56"]
[WhiteFideId "16250460"]
[BlackFideId "16260007"]
[EventCountry "GER"]
[EventRounds "11"]
[EventType "swiss"]
[EventDate "2018.05.19"]

1. e4 c5 2. Nf3 d6 3. d4 cxd4 4. Nxd4 Nf6 5. Nc3 g6 6. Be3 Bg7 7. f3 O-O 8. Qd2
Nc6 9. Bc4 Nxd4 10. Bxd4 Be6 11. Bxe6 fxe6 12. O-O-O Qa5 13. g4 b5 14. Kb1 Rac8
15. h4 b4 16. Ne2 Rc7 17. h5 gxh5 18. g5 Ne8 19. Rxh5 Rxf3 20. Rdh1 e5 21. Be3
Rc4 22. Rxh7 Rxe4 23. Bg1 Rf1+ 24. Nc1 Ree1 25. Rxg7+ Nxg7 26. Rh8+ Kxh8 27.
Qh2+ Kg8 28. b3 Qa3 0-1

[Event "DEM U12w 2018"]
[Site "Willingen GER"]
[Date "2018.05.21"]
[Round "4"]
[White "Zhou, Lepu Coco"]
[Black "Bashylina, Luisa"]
[Result "1/2-1/2"]
[Termination "normal"]
[Board "1"]
[WhiteElo "1720"]
[BlackElo "1764"]
[WhiteClock "00:32:16"]
[BlackClock "00:45:31"]
[PlyCount "46"]
[WhiteFideId "16217136"]
[BlackFideId "12983292"]
[EventCountry "GER"]
[EventRounds "11"]
[EventType "swiss"]
[EventDate "2018.05.19"]

1. e4 {[%clk 1:15:59]} 1... c5 {[%clk 1:15:57]} 2. Nf3 {[%clk 1:16:25]} 2... e6
{[%clk 1:16:23]} 3. c4 {[%clk 1:16:50]} 3... Nc6 {[%clk 1:15:32]} 4. Nc3 {
[%clk 1:17:13]} 4... e5 {[%clk 1:15:07]} 5. Be2 {[%clk 1:17:28]} 5... g6 {
[%clk 1:15:24]} 6. O-O {[%clk 1:17:48]} 6... Bg7 {[%clk 1:15:49]} 7. d3 { [%clk
1:18:06]} 7... Nge7 {[%clk 1:16:04]} 8. Be3 {[%clk 1:18:21]} 8... d6 { [%clk
1:16:22]} 9. Ne1 {[%clk 1:16:46]} 9... O-O {[%clk 1:16:02]} 10. f4 { [%clk
1:16:32]} 10... exf4 {[%clk 1:13:33]} 11. Bxf4 {[%clk 1:16:53]} 11... Nd4
{[%clk 1:13:03]} 12. Qd2 {[%clk 1:11:31]} 12... a6 {[%clk 1:09:04]} 13. Bh6 {
[%clk 1:10:40]} 13... b5 {[%clk 1:07:41]} 14. Nf3 {[%clk 1:01:41]} 14... Nec6 {
[%clk 1:06:08]} 15. Bxg7 {[%clk 0:52:22]} 15... Kxg7 {[%clk 1:06:29]} 16. Rf2 {
[%clk 0:50:56]} 16... Qe7 {[%clk 1:04:52]} 17. Nd5 {[%clk 0:49:44]} 17... Nxf3+
{[%clk 1:04:09]} 18. Rxf3 {[%clk 0:49:57]} 18... Qe5 {[%clk 1:03:59]} 19. Raf1
{[%clk 0:43:26]} 19... bxc4 {[%clk 1:02:12]} 20. dxc4 {[%clk 0:35:14]} 20...
Qxe4 {[%clk 1:01:30]} 21. Rf4 {[%clk 0:34:38]} 21... Qe5 {[%clk 1:00:13]} 22.
Rh4 {[%clk 0:34:53]} 22... g5 {[%clk 0:55:28]} 23. Rh5 {[%clk 0:32:16]} 23...
h6 {[%clk 0:45:31]} 1/2-1/2

[Event "DEM U12w 2018"]
[Site "Willingen GER"]
[Date "2018.05.21"]
[Round "4"]
[White "Hubert, Charlotte"]
[Black "Wagner, Margarethe"]
[Result "0-1"]
[Termination "normal"]
[Board "2"]
[WhiteElo "1219"]
[BlackElo "1515"]
[WhiteClock "00:02:42"]
[BlackClock "00:04:03"]
[PlyCount "84"]
[WhiteFideId "16265920"]
[BlackFideId "16236947"]
[EventCountry "GER"]
[EventRounds "11"]
[EventType "swiss"]
[EventDate "2018.05.19"]

1. e4 {[%clk 1:15:58]} 1... c5 {[%clk 1:15:52]} 2. a3 {[%clk 1:16:20]} 2... d6
{[%clk 1:15:38]} 3. b4 {[%clk 1:16:31]} 3... Nf6 {[%clk 1:13:47]} 4. d3 { [%clk
1:15:56]} 4... Nc6 {[%clk 1:12:07]} 5. c3 {[%clk 1:14:53]} 5... a6 { [%clk
1:10:20]} 6. Nd2 {[%clk 1:12:21]} 6... e6 {[%clk 1:06:41]} 7. Ngf3 { [%clk
1:09:05]} 7... d5 {[%clk 1:03:18]} 8. e5 {[%clk 1:06:46]} 8... Nd7 { [%clk
1:02:17]} 9. d4 {[%clk 1:06:25]} 9... cxd4 {[%clk 0:59:28]} 10. cxd4 { [%clk
1:05:44]} 10... b5 {[%clk 0:57:15]} 11. Nb3 {[%clk 1:03:29]} 11... Nb6 { [%clk
0:54:49]} 12. Nc5 {[%clk 1:00:00]} 12... Nc4 {[%clk 0:51:57]} 13. a4 { [%clk
0:46:41]} 13... Bxc5 {[%clk 0:47:11]} 14. bxc5 {[%clk 0:45:23]} 14... Qa5+
{[%clk 0:44:21]} 15. Bd2 {[%clk 0:41:24]} 15... Nxd2 {[%clk 0:42:51]} 16. Qxd2
{[%clk 0:41:02]} 16... Qxd2+ {[%clk 0:42:37]} 17. Kxd2 {[%clk 0:41:11]} 17...
b4 {[%clk 0:39:57]} 18. a5 {[%clk 0:39:05]} 18... Rb8 {[%clk 0:39:31]} 19. Bd3
{[%clk 0:38:36]} 19... f6 {[%clk 0:37:04]} 20. exf6 {[%clk 0:37:37]} 20... gxf6
{[%clk 0:37:28]} 21. Rhe1 {[%clk 0:36:51]} 21... Kf7 {[%clk 0:36:50] } 22. Reb1
{[%clk 0:34:39]} 22... h6 {[%clk 0:35:40]} 23. Bc2 {[%clk 0:33:34]} 23... e5
{[%clk 0:33:55]} 24. dxe5 {[%clk 0:33:16]} 24... fxe5 {[%clk 0:33:54]} 25. Ba4
{[%clk 0:31:59]} 25... Nxa5 {[%clk 0:29:21]} 26. Nxe5+ {[%clk 0:31:26]} 26...
Kg7 {[%clk 0:27:44]} 27. Nd3 {[%clk 0:31:01]} 27... Nc4+ {[%clk 0:25:57]} 28.
Kc2 {[%clk 0:23:59]} 28... Bf5 {[%clk 0:25:10]} 29. Rd1 {[%clk 0:22:36]} 29...
Rhc8 {[%clk 0:19:30]} 30. Kb3 {[%clk 0:15:36]} 30... Bxd3 {[%clk 0:15:24] } 31.
Rxd3 {[%clk 0:15:50]} 31... Rxc5 {[%clk 0:13:54]} 32. Rad1 { [%clk 0:15:10]}
32... Nb6 {[%clk 0:12:36]} 33. Ra1 {[%clk 0:14:10]} 33... a5 { [%clk 0:09:24]}
34. f4 {[%clk 0:11:32]} 34... Rbc8 {[%clk 0:08:40]} 35. g4 { [%clk 0:09:09]}
35... Rc3+ {[%clk 0:07:30]} 36. Rxc3 {[%clk 0:09:29]} 36... Rxc3+ {[%clk
0:07:57]} 37. Kb2 {[%clk 0:09:35]} 37... Nc4+ {[%clk 0:07:13]} 38. Ka2 {[%clk
0:07:49]} 38... Rh3 {[%clk 0:04:21]} 39. Kb1 {[%clk 0:05:27]} 39... Rxh2 {[%clk
0:04:11]} 40. Ra2 {[%clk 0:03:01]} 40... Na3+ {[%clk 0:03:44]} 41. Ka1 {[%clk
0:02:21]} 41... Rh1+ {[%clk 0:04:03]} 42. Kb2 {[%clk 0:02:42]} 42... Rb1# 0-1